Top 10 States with the most License Plate Designs - Statistics

General Stats
  • This quiz has been taken 25 times
  • The average score is 6 of 10
Answer Stats
# of options State % Correct
476 Texas
91%
259 Florida
86%
315 Georgia
64%
313 Colorado
59%
335 Virginia
59%
271 Ohio
55%
989 Maryland
41%
425 Pennsylvania
41%
298 Oklahoma
36%
291 Mississippi
23%
No matching quizzes found
Score Distribution
Percent of People with Each Score
Percentile by Number Answered
Your Score History
You have not taken this quiz